000 00707nam a22001695i 4500
001 159407
003 ES-MaACL
005 20230906211602.0
008 990303s1886 sp |||| | spa d
040 _aCCPB | B
_bspa
_cCCPB | B
100 1 _aMenéndez Acebal, Jesús.
_9129836
245 1 0 _aCatálogo de los bocetos que existen en el museo del Instituto de Jovellanos de Gijón /
_cpor Jesús Menéndez Acebal.
260 _aGijón :
_b[s.n.],
_c1886 (
_fImp. y Lit. de Torre y Compañía)
300 _aVII, 119 p. ;
_c21 cm.
610 1 7 _aInstituto de Jovellanos de Gijón.
_bMuseo.
_9134547
852 _aES-MaACL
_jT-420-F-8
_z-- Enc. hol.
_q-- Falto de la cub. original
_z-- Enc. en un vol. facticio"
999 _c159407
_d159407